000 00560nam a22001937a 4500
003 CEME
005 20210628210137.0
008 210215b xxu||||| |||| 00| 0 eng d
020 _a3-8009-1405-0
040 _c.
082 _a621.384151 WIE
100 _aWiesner, Lothar
_978282
245 _aTelegraph and data transmission over shortwave radio links fundamental principles and networks
250 _a3RD
260 _aUSA
_bSIEMENS AKKTIENGESELLSCHAFT
_c1985
300 _a199P
650 _aSHORTWAVE RADIO RADIO SHORTWAVE
_978283
942 _cBK
_2ddc
999 _c583431
_d583431